000 00532nam a2200181Ia 4500
003 GCL
008 140319s9999 xx 000 0 ara d
040 _aGCL /
_cGCL
082 0 4 _a796.33
_bح ا
100 1 _aحنفى محمود مختار
245 1 0 _aالاسس العلمية فى تدريب كرة القدم /
_cحنفى محمود مختار
300 _a344 ص
490 _a
650 0 4 _aكرة القدم
650 0 4 _aالتدريب الرياضى
650 0 4 _aالالعاب الجماعية
942 _2ddc
_cBK
999 _c39210
_d39210